ABC of lung cancer

Featuring concise and up-to-date evidence, 'ABC of Lung Cancer' covers the most important areas of managing the disease in a logical order.

Bibliographic Details
Main Authors: Hunt, Ian , M.D (Author), Muers, Martin F. (Author), Treasure, Tom (Author)
Format: Book
Language:English
Published: Chichester, UK ; Hoboken, New Jersey : Wiley-Blackwell : BMJ Books , c2009
Series:ABC series
Subjects:

MARC

LEADER 00000cam a2200000 7i4500
001 0000068898
005 20101125093000.0
008 100805s2009 enk eng
020 |a 1405146524 (pbk.) 
020 |a 9781405146524 (pbk.) 
050 0 0 |a RC280.L8   |b A23 2009 
060 1 0 |a WF 658   |b A134 2009 
090 0 0 |a WF 658   |b A134 2009 
245 0 0 |a ABC of lung cancer   |c edited by Ian Hunt, Martin Muers, Tom Treasure 
246 3 0 |a Lung cancer 
260 |a Chichester, UK ;   |a Hoboken, New Jersey :   |b Wiley-Blackwell :   |b BMJ Books ,   |c c2009 
300 |a viii, 55 p. :   |b ill. (some col.), maps ;   |c 28 cm. 
440 0 |a ABC series 
504 |a Includes bibliographical references and index 
505 0 |a 1. Epidemiology, risk factors, and prevention -- 2. Symptoms and assessment -- 3. Service organisation and guidelines for referral -- 4. Diagnosis and staging -- 5. Small-cell lung cancer -- 6. Malignant pleural mesothelioma -- 7. Surgery for non-small cell lung cancer -- 8. Radiotherapy for non-small cell lung cancer -- 9. Combination therapies for lung cancer -- 10. Screening for lung cancer -- 11. Supportive and palliative care 
520 |a Featuring concise and up-to-date evidence, 'ABC of Lung Cancer' covers the most important areas of managing the disease in a logical order. 
650 0 |a Lungs   |x Cancer 
650 1 2 |a Lung Neoplasms 
700 1 |a Hunt, Ian ,   |c M.D. ,   |e author 
700 1 |a Muers, Martin F. ,   |e author 
700 1 |a Treasure, Tom ,   |e author 
999 |a 1000132285   |b Book   |c OPEN SHELF (30 DAYS)   |e Medical Campus